[Event "Slav 1"]
[Site "SchemingMind.com"]
[Date "2019.03.02"]
[Round "-"]
[White "mochiron"]
[Black "Chessibelle"]
[Result "1-0"]
[WhiteCountry "JPN"]
[BlackCountry "ENG"]
[WhiteElo "1562"]
[WhiteRD "76"]
[BlackElo "1146"]
[BlackRD "57"]
[GameID "438704"]

1. d4 d5 2. c4 c6 3. Nf3 g6 4. c5 e6 5. e3 Ne7 6. Be2 Bg7 7. O-O O-O 8. Nc3 Nd7 9. Bd2 b6 10. cxb6 Nxb6
11. Ne5 Nf5 12. e4 Nxd4 13. Nf3 f5 14. exf5 Rxf5 15. Nxd4 Bxd4 16. Be3 Bxe3 17. fxe3 Qg5 18. Rxf5 Qxf5 19. Bd3 Qg5 20. Qf3 Bd7
21. Rf1 Qe7 22. Qg3 Kg7 23. Qe5+ Kg8 24. Ne2 Be8 25. Ng3 Nd7 26. Qf4 Qg7 27. Rf3 Bf7 28. Nh5 Qxb2 29. Qxf7+ Kh8 30. Qxd7 Qa1+
31. Rf1 Qc3 32. Nf6
1-0

[Event "Slav 1"]
[Site "SchemingMind.com"]
[Date "2019.03.02"]
[Round "-"]
[White "Chessibelle"]
[Black "mochiron"]
[Result "0-1"]
[WhiteCountry "ENG"]
[BlackCountry "JPN"]
[WhiteElo "1146"]
[WhiteRD "57"]
[BlackElo "1562"]
[BlackRD "76"]
[GameID "438705"]

1. d4 d5 2. c4 c6 3. e3 Nf6 4. Nf3 Bg4 5. Be2 Bxf3 6. Bxf3 e6 7. O-O Ne4 8. b3 Be7 9. Qd3 O-O 10. Be2 Nd7
11. f3 Nd6 12. Bd1 dxc4 13. bxc4 b5 14. Nd2 bxc4 15. Nxc4 f5 16. Bc2 Nxc4 17. Qxc4 Rf6 18. h3 Qe8 19. Qd3 Rb8 20. e4 Qh5
21. Qa6 Rg6 22. Rf2 Qxh3 23. Kf1 Qh1+ 24. Ke2 Rxg2 25. Be3 Rxf2+ 26. Bxf2 Qxa1 27. Qxa7 Rb2 28. Qa8+ Kf7 29. Kd3 Rxa2 30. Qxc6 Ra3+
31. Ke2 Ra7 32. d5 Qa6+ 33. Ke3 Bc5+ 34. Kf4 Qxc6 35. dxc6 Bxf2 36. Kg5 Ne5
0-1

[Event "Slav 1"]
[Site "SchemingMind.com"]
[Date "2019.03.03"]
[Round "-"]
[White "mochiron"]
[Black "Whiteravenx"]
[Result "0-1"]
[WhiteCountry "JPN"]
[BlackCountry "USA"]
[WhiteElo "1562"]
[WhiteRD "76"]
[BlackElo "2123"]
[BlackRD "139"]
[GameID "438731"]

1. d4 d5 2. c4 c6 3. c5 Nf6 4. Nc3 e5 5. Bg5 exd4 6. Na4 b5 7. Bxf6 Qxf6 8. Nf3 bxa4 9. Qxa4 Bxc5 10. O-O-O O-O
11. h4 Bg4 12. Nxd4 Qxf2 13. Nf3 Bf5 14. Qb3 Be3+ 15. Nd2 Na6 16. g4 Nc5 17. Qc3 Ne4 18. Rh2 Nxc3 19. bxc3 Rab8 20. Rxf2 Rb1#
0-1

[Event "Slav 1"]
[Site "SchemingMind.com"]
[Date "2019.03.03"]
[Round "-"]
[White "Whiteravenx"]
[Black "mochiron"]
[Result "1-0"]
[WhiteCountry "USA"]
[BlackCountry "JPN"]
[WhiteElo "2104"]
[WhiteRD "123"]
[BlackElo "1502"]
[BlackRD "76"]
[GameID "438732"]

1. d4 d5 2. c4 c6 3. Nf3 Bg4 4. Qb3 Bxf3 5. Qxb7 Nd7 6. exf3 e6 7. cxd5 cxd5 8. Bf4 Ngf6 9. Nc3 Rb8 10. Bxb8 Nxb8
11. Bb5+ Nbd7 12. Qxa7 Bb4 13. Rc1 Bxc3+ 14. Rxc3 O-O 15. Rc7 e5 16. O-O e4 17. fxe4 Nxe4 18. Rxd7 Qg5 19. Qa5 Nf6 20. Rd8 h6
21. Rxf8+ Kh7 22. Bd3+ g6 23. Qc7 h5 24. Qxf7+ Kh6 25. Rh8+
1-0

[Event "Slav 1"]
[Site "SchemingMind.com"]
[Date "2019.02.27"]
[Round "-"]
[White "Chessibelle"]
[Black "Whiteravenx"]
[Result "0-1"]
[WhiteCountry "ENG"]
[BlackCountry "USA"]
[WhiteElo "1229"]
[WhiteRD "60"]
[BlackElo "1993"]
[BlackRD "155"]
[GameID "438733"]

1. d4 d5 2. c4 c6 3. e3 Nf6 4. Nd2 Bf5 5. Ne2 e6 6. g3 Nbd7 7. Bg2 h5 8. O-O h4 9. b3 hxg3 10. fxg3 Rc8
11. Re1 Rxh2 12. Kxh2 Ng4+ 13. Kg1 Nxe3
0-1

[Event "Slav 1"]
[Site "SchemingMind.com"]
[Date "2019.02.26"]
[Round "-"]
[White "Whiteravenx"]
[Black "Chessibelle"]
[Result "1-0"]
[WhiteCountry "USA"]
[BlackCountry "ENG"]
[WhiteElo "1993"]
[WhiteRD "155"]
[BlackElo "1229"]
[BlackRD "60"]
[GameID "438734"]

1. d4 d5 2. c4 c6 3. Nf3 e6 4. e3 Ne7 5. Nc3 g6 6. h4 h5 7. e4 f6 8. Bd3 Bg7 9. O-O O-O 10. Re1 f5
11. exf5 a6 12. fxg6 Qd7 13. Ne5 Qd6 14. Qxh5 Rd8 15. Qh7+ Kf8 16. Bh6 Ke8 17. Qxg7 Nd7 18. Qf7#
1-0

[Event "Slav 1"]
[Site "SchemingMind.com"]
[Date "2019.03.03"]
[Round "-"]
[White "mochiron"]
[Black "Henk Miedema"]
[Result "1-0"]
[WhiteCountry "JPN"]
[BlackCountry "NED"]
[WhiteElo "1611"]
[WhiteRD "80"]
[BlackElo "930"]
[BlackRD "75"]
[GameID "438748"]

1. d4 d5 2. c4 c6 3. Nf3 e6 4. c5 Nf6 5. e3 Be7 6. Be2 Bd7 7. O-O O-O 8. Nc3 Qc7 9. Ne5 Na6 10. Bxa6 bxa6
11. Nxd7 Nxd7 12. e4 Nf6 13. e5 Nd7 14. Qg4 Qc8 15. Bh6 Qb8 16. Qxg7#
1-0

[Event "Slav 1"]
[Site "SchemingMind.com"]
[Date "2019.03.03"]
[Round "-"]
[White "Henk Miedema"]
[Black "mochiron"]
[Result "0-1"]
[WhiteCountry "NED"]
[BlackCountry "JPN"]
[WhiteElo "898"]
[WhiteRD "74"]
[BlackElo "1562"]
[BlackRD "76"]
[GameID "438749"]

1. d4 d5 2. c4 c6 3. e3 e6 4. Nf3 Bb4+ 5. Bd2 Bxd2+ 6. Qxd2 Nf6 7. Na3 O-O 8. Nc2 Ne4 9. Qd3 Nd7 10. c5 Qa5+
11. b4 Qd8 12. O-O-O a5 13. Be2 axb4 14. Nxb4 Qa5 15. Qb3 Nxf2 16. Rhf1= Nxd1 17. a3 Qxa3+ 18. Kc2 Nxe3+ 19. Kc3 Qxb3+ 20. Kxb3 Nc4
21. h3 Ra3+ 22. Kc2 e5 23. Bd3 e4 24. Rc1 exd3+ 25. Kd1 Nb2+ 26. Kd2 Nc4+ 27. Kd1 d2 28. Rc2 Ra1+
0-1

[Event "Slav 1"]
[Site "SchemingMind.com"]
[Date "2019.02.26"]
[Round "-"]
[White "Chessibelle"]
[Black "Henk Miedema"]
[Result "1-0"]
[WhiteCountry "ENG"]
[BlackCountry "NED"]
[WhiteElo "1229"]
[WhiteRD "60"]
[BlackElo "961"]
[BlackRD "73"]
[GameID "438750"]

1. d4 d5 2. c4 c6 3. e3 e5 4. Nf3 e4 5. Nfd2 Nf6 6. g3 Bd6 7. Bg2 Bf5 8. O-O Qd7 9. Nc3 Qc7 10. c5 Bg4
11. Qc2 Be7 12. f3 Bd7 13. a3 Qc8 14. fxe4 a6 15. Qb3 Ng4 16. exd5 O-O 17. Be4 Nxe3 18. Re1 Ng4 19. Re2 Bd8 20. Bc2 Bc7
21. Nce4 Nh6 22. Qd3 Bg4 23. Re1 Nf5 24. Qf1 Nxd4 25. Bd3 Bh3 26. Qf2 Nf5 27. Ng5 Nh6 28. Bxh7+ Kh8 29. Ndf3 Ng4 30. Qd4 Nd7
31. b3 Nh6 32. Nxh3 Ba5 33. b4 f6 34. Bc2 Bc7 35. Qe4 f5 36. Qd4 Rf7 37. Qh4 Qg8 38. Nfg5 Re7 39. Bb2 Rae8 40. Qxh6+
1-0

[Event "Slav 1"]
[Site "SchemingMind.com"]
[Date "2019.02.27"]
[Round "-"]
[White "Henk Miedema"]
[Black "Chessibelle"]
[Result "0-1"]
[WhiteCountry "NED"]
[BlackCountry "ENG"]
[WhiteElo "961"]
[WhiteRD "73"]
[BlackElo "1229"]
[BlackRD "60"]
[GameID "438751"]

1. d4 d5 2. c4 c6 3. e3 e6 4. Nf3 Ne7 5. c5 g6 6. b4 Bg7 7. Bb2 O-O 8. a3 Nd7 9. b5 f5 10. Ng5 Nf6
11. b6 axb6 12. Bd3 Bh6 13. O-O Bxg5 14. Qe2 Qc7 15. a4 Kf7 16. Bc3 Ng4 17. Nd2 Qxh2#
0-1

[Event "Slav 1"]
[Site "SchemingMind.com"]
[Date "2019.02.27"]
[Round "-"]
[White "Henk Miedema"]
[Black "Whiteravenx"]
[Result "0-1"]
[WhiteCountry "NED"]
[BlackCountry "USA"]
[WhiteElo "930"]
[WhiteRD "75"]
[BlackElo "2027"]
[BlackRD "144"]
[GameID "438752"]

1. d4 d5 2. c4 c6 3. e3 Nf6 4. Nf3 Bf5 5. Bd3 Bxd3 6. Qxd3 e6 7. Qe2 Nbd7 8. O-O Be7 9. c5 O-O 10. b4 Qc7
11. a4 a5 12. b5 b6 13. Nc3 bxc5 14. Rb1 c4 15. Bd2 Rfb8 16. Qd1 Ne4 17. Ne2 cxb5 18. Nc1 c3 19. Be1 c2 20. Qd3 cxb1=Q
21. Qxb1 bxa4 22. Qa1 Qc2 23. Na2 Rb1 24. Qxb1 Qxb1 25. h3 Qxa2 26. g4 Qe2 27. Kg2= a3 28. Nd2 Nxd2 29. Rg1 Qf3+ 30. Kh2 Bd6+
31. Rg3 Bxg3+ 32. fxg3= Nf1+ 33. Kg1 Nxe3 34. Bf2 Qg2#
0-1

[Event "Slav 1"]
[Site "SchemingMind.com"]
[Date "2019.02.26"]
[Round "-"]
[White "Whiteravenx"]
[Black "Henk Miedema"]
[Result "1-0"]
[WhiteCountry "USA"]
[BlackCountry "NED"]
[WhiteElo "1993"]
[WhiteRD "155"]
[BlackElo "961"]
[BlackRD "73"]
[GameID "438753"]

1. d4 d5 2. c4 c6 3. Nf3 e5 4. dxe5 Qe7 5. cxd5 Nd7 6. d6 Qe6 7. Qb3 Qxb3 8. axb3 Nc5 9. Be3 Be6 10. Bxc5 O-O-O
11. Rxa7 Kd7 12. Nd4 Nh6 13. Rxb7+ Ke8 14. Nxc6 Rc8 15. e4 Rxc6 16. Bb5
1-0

[Event "Slav 1"]
[Site "SchemingMind.com"]
[Date "2019.03.03"]
[Round "-"]
[White "surfnsuds"]
[Black "mochiron"]
[Result "1-0"]
[WhiteCountry "USA"]
[BlackCountry "JPN"]
[WhiteElo "1360"]
[WhiteRD "80"]
[BlackElo "1562"]
[BlackRD "76"]
[GameID "438764"]

1. d4 d5 2. c4 c6 3. Nf3 Bg4 4. e3 e6 5. Be2 Bxf3 6. Bxf3 Bb4+ 7. Nc3 Nf6 8. Bd2 Bxc3 9. Bxc3 O-O 10. O-O Nbd7
11. cxd5 cxd5 12. Rc1 Ne4 13. Bb4 a5 14. Bxf8 Nxf8 15. Bxe4 dxe4 16. Rc5 a4 17. Qc2 f5 18. f3 exf3 19. Rxf3 Ra6 20. Qc4 a3
21. b3 Rc6 22. Rfxf5 Rxc5 23. Rxc5 h6 24. d5 Qf6 25. d6 Qa1+ 26. Kf2 Qxa2+ 27. Qc2 Qa1 28. Rc8 Qf6+ 29. Ke2 e5 30. d7 Qa6+
31. Qc4+ Qxc4+ 32. bxc4 a2 33. d8=Q a1=Q 34. Qxf8+ Kh7 35. Qg8+ Kg6 36. Qe6+ Kg5 37. g4 Qb2+ 38. Kf3 Qxh2 39. Qf5+ Kh4 40. Qh5#
1-0

[Event "Slav 1"]
[Site "SchemingMind.com"]
[Date "2019.03.03"]
[Round "-"]
[White "mochiron"]
[Black "surfnsuds"]
[Result "0-1"]
[WhiteCountry "JPN"]
[BlackCountry "USA"]
[WhiteElo "1562"]
[WhiteRD "76"]
[BlackElo "1360"]
[BlackRD "80"]
[GameID "438765"]

1. d4 d5 2. c4 c6 3. e3 Nf6 4. c5 Be6 5. Nc3 g6 6. Be2 h5 7. Nf3 Ng4 8. Ne5 Nxe5 9. dxe5 b6 10. cxb6 axb6
11. e4 Bg7 12. O-O Bxe5 13. f4 Bxc3 14. bxc3 dxe4 15. Qe1 b5 16. Be3 Qa5 17. f5 Bxf5 18. Bg5 Nd7 19. Bd3 e6 20. Bxe4 Bxe4
21. Qxe4 Qxc3 22. Rac1 Qe5 23. Qxe5 Nxe5 24. Rc5 Nd3 25. Rxc6 Kd7 26. Rc3 Nb4 27. Rd1+ Ke8 28. Bf6 Rg8 29. Rc7 Nd5 30. Rb7 Nxf6
31. Rc1 Nd7 32. Rcc7 Rd8 33. Rxb5 f5 34. Rc6 Ke7 35. Kf2 Rc8 36. Ra6 Rc2+ 37. Kg3 Rgc8 38. Kh4 Kf6 39. g4 R8c3 40. g5+ Ke7
41. Ra7 Rxh2#
0-1

[Event "Slav 1"]
[Site "SchemingMind.com"]
[Date "2019.02.27"]
[Round "-"]
[White "surfnsuds"]
[Black "Chessibelle"]
[Result "0-1"]
[WhiteCountry "USA"]
[BlackCountry "ENG"]
[WhiteElo "1268"]
[WhiteRD "88"]
[BlackElo "1194"]
[BlackRD "59"]
[GameID "438766"]

1. d4 d5 2. c4 c6 3. Nf3 e6 4. Bg5 Be7 5. Bxe7 Nxe7 6. e3 O-O 7. Nc3 b6 8. Qc2 g6 9. Bd3 a6 10. Ne5 Qe8
11. c5 f6 12. Ng4 f5 13. Ne5 Rf6 14. O-O Qf8 15. Rae1 b5 16. Qb3 Nd7 17. a4 Rb8 18. Qd1 h6 19. a5 h5 20. Nf3 Qh6
21. b4 g5 22. g4 fxg4 23. Ne5 Rf7 24. Nxf7 Kxf7 25. f3 Nf6 26. fxg4 hxg4 27. Qxg4 Bd7 28. e4 Kg7 29. e5 Nxg4
0-1

[Event "Slav 1"]
[Site "SchemingMind.com"]
[Date "2019.02.28"]
[Round "-"]
[White "Chessibelle"]
[Black "surfnsuds"]
[Result "0-1"]
[WhiteCountry "ENG"]
[BlackCountry "USA"]
[WhiteElo "1229"]
[WhiteRD "60"]
[BlackElo "1324"]
[BlackRD "90"]
[GameID "438767"]

1. d4 d5 2. c4 c6 3. Nd2 Nf6 4. e3 e6 5. b3 Bb4 6. Be2 O-O 7. Nf3 Ne4 8. O-O Nxf2 9. Kxf2 c5 10. Ne5 f6
11. Ng4 cxd4 12. exd4 e5 13. Nf3 Bxg4 14. Qd3 f5 15. h3 Bxf3 16. Kxf3 e4+ 17. Qxe4 fxe4+ 18. Ke3 Qg5+ 19. Rf4 Qxf4#
0-1

[Event "Slav 1"]
[Site "SchemingMind.com"]
[Date "2019.02.26"]
[Round "-"]
[White "surfnsuds"]
[Black "Henk Miedema"]
[Result "1-0"]
[WhiteCountry "USA"]
[BlackCountry "NED"]
[WhiteElo "1324"]
[WhiteRD "90"]
[BlackElo "961"]
[BlackRD "73"]
[GameID "438768"]

1. d4 d5 2. c4 c6 3. Nf3 Nf6 4. Nc3 e6 5. e3 Be7 6. Bd3 O-O 7. O-O Nbd7 8. e4 dxc4 9. Bxc4 a6 10. Bf4 Nh5
11. g3 f5 12. Ne5 Nhf6 13. exf5 a5 14. Bxe6+ Kh8 15. Nf7+ Rxf7 16. Bxf7 Qf8 17. Be6 Qe8 18. Qd2 Ng4 19. f3 Ndf6 20. fxg4 Nxg4
21. Bxc8 b5 22. Be6 Qd8 23. h3 Nf6 24. Be5 Nh5 25. Qh6 Qf8 26. Qxh5 h6 27. Qxh6#
1-0

[Event "Slav 1"]
[Site "SchemingMind.com"]
[Date "2019.02.27"]
[Round "-"]
[White "Henk Miedema"]
[Black "surfnsuds"]
[Result "0-1"]
[WhiteCountry "NED"]
[BlackCountry "USA"]
[WhiteElo "961"]
[WhiteRD "73"]
[BlackElo "1324"]
[BlackRD "90"]
[GameID "438769"]

1. d4 d5 2. c4 c6 3. e3 Nf6 4. Nf3 Bf5 5. Bd3 Bxd3 6. Qxd3 e6 7. c5 b6 8. O-O bxc5 9. b3 Ne4 10. Bb2 Bd6
11. Ba3 cxd4 12. Nxd4 Qh4 13. Nf3 Qg4 14. Ne1 Nd7 15. Bb2 Ne5 16. Nc2 Nxd3 17. a3= Qe2 18. Bxg7 Rg8 19. Bh6 Qf3
0-1

[Event "Slav 1"]
[Site "SchemingMind.com"]
[Date "2019.02.27"]
[Round "-"]
[White "surfnsuds"]
[Black "Whiteravenx"]
[Result "0-1"]
[WhiteCountry "USA"]
[BlackCountry "USA"]
[WhiteElo "1268"]
[WhiteRD "88"]
[BlackElo "2027"]
[BlackRD "144"]
[GameID "438770"]

1. d4 d5 2. c4 c6 3. Nf3 Nf6 4. Nc3 e6 5. e3 Bb4 6. Bd2 O-O 7. Be2 b6 8. O-O Be7 9. Qb3 Nbd7 10. Ng5 h6
11. Nf3 Bb7 12. c5 Qb8 13. e4 dxe4 14. Ne5 Nxe5 15. dxe5 Qxe5 16. Be3 Bxc5 17. Bxc5 Qxc5 18. Rad1 Qe5 19. Qc2 c5 20. Nb5 a6
21. Nc3 Rad8 22. f3 exf3 23. Bxf3 Bxf3 24. Rxf3 Rxd1+ 25. Nxd1 Ng4 26. Nc3 Qxh2+ 27. Kf1 Qh1+ 28. Ke2 Qxg2+
0-1

[Event "Slav 1"]
[Site "SchemingMind.com"]
[Date "2019.02.27"]
[Round "-"]
[White "Whiteravenx"]
[Black "surfnsuds"]
[Result "1-0"]
[WhiteCountry "USA"]
[BlackCountry "USA"]
[WhiteElo "2027"]
[WhiteRD "144"]
[BlackElo "1268"]
[BlackRD "88"]
[GameID "438771"]

1. d4 d5 2. c4 c6 3. Nf3 Nf6 4. Nc3 e6 5. e3 Nbd7 6. b3 Bb4 7. Bd2 O-O 8. Be2 c5 9. a3 Bxc3 10. Bxc3 b6
11. dxc5 Nxc5 12. cxd5 Nxd5 13. Bd4 Ba6 14. Bxa6 Nxa6 15. O-O Rc8 16. Rc1 Nc5 17. b4 Ne4 18. Rxc8 Qxc8 19. Qd3 Nd6 20. e4 Nf4
21. Qd2 Nh5 22. Qg5 Nxe4 23. Qxh5 Qc6 24. Qg4 Rd8 25. Qxg7#
1-0

[Event "Slav 1"]
[Site "SchemingMind.com"]
[Date "2019.02.28"]
[Round "-"]
[White "surfnsuds"]
[Black "The Stonewall"]
[Result "0-1"]
[WhiteCountry "USA"]
[BlackCountry "ENG"]
[WhiteElo "1324"]
[WhiteRD "90"]
[BlackElo "2336"]
[BlackRD "81"]
[GameID "438799"]

1. d4 d5 2. c4 c6 3. Nf3 dxc4 4. Nc3 e6 5. a4 Bb4 6. Bd2 a5 7. e3 b5 8. axb5 Bxc3 9. Bxc3 cxb5 10. d5 Nf6
11. d6 Ra6 12. Be5 Nc6 13. Bxf6 Qxf6 14. Ra2 Nb4 15. Ra1 Qxb2 16. Nd4 e5 17. Nxb5 Nc2+ 18. Ke2 Nxa1+ 19. Qd2 Qxb5 20. Kd1 Qb1+
21. Qc1 Rxd6+
0-1

[Event "Slav 1"]
[Site "SchemingMind.com"]
[Date "2019.02.28"]
[Round "-"]
[White "The Stonewall"]
[Black "surfnsuds"]
[Result "1-0"]
[WhiteCountry "ENG"]
[BlackCountry "USA"]
[WhiteElo "2336"]
[WhiteRD "81"]
[BlackElo "1324"]
[BlackRD "90"]
[GameID "438800"]

1. d4 d5 2. c4 c6 3. Qc2 f5 4. Nf3 Nd7 5. cxd5 cxd5 6. Qxf5 Ndf6 7. Qd3 Qd6 8. Nc3 e6 9. Bd2 Be7 10. Nb5 Qb6
11. Rc1 Bd7 12. Nc7+ Kd8 13. Nxa8 Qxb2 14. Rb1 Qxa2 15. Ne5 Nh6 16. Bxh6 gxh6 17. Nf7+ Ke8 18. Nxh8 Ba4 19. f3 Kf8 20. Rxb7 a5
21. Kf2 Bb4 22. Ng6+ Ke8 23. Nc7+ Kd7 24. Ne5+ Kc8 25. Qa6
1-0

[Event "Slav 1"]
[Site "SchemingMind.com"]
[Date "2019.03.04"]
[Round "-"]
[White "mochiron"]
[Black "The Stonewall"]
[Result "0-1"]
[WhiteCountry "JPN"]
[BlackCountry "ENG"]
[WhiteElo "1562"]
[WhiteRD "76"]
[BlackElo "2328"]
[BlackRD "79"]
[GameID "438801"]

1. d4 d5 2. c4 c6 3. e4 dxe4 4. Bg5 h6 5. Bf4 Nf6 6. Be2 Bf5 7. Nh3 Nbd7 8. Be5 Nxe5 9. O-O Nd3 10. Bxd3 exd3
11. Nd2 Qxd4 12. Nf3 Qxc4 13. Nd2 Qb5 14. a4 Qd5 15. Nf4 Qd7 16. Re1 e6 17. Re3 Bd6 18. Nxd3 Bxd3 19. Rxd3 Bxh2+ 20. Kxh2 Qxd3
21. Qe1 O-O-O 22. Nf3 Ng4+ 23. Kg1 Rd5 24. Nh2 Nxh2 25. Kxh2 Rhd8 26. g4 Rd4 27. Ra3 Qg6 28. f3 h5 29. Qg3 hxg4 30. f4 Qc2+
31. Qg2 Qh7+
0-1

[Event "Slav 1"]
[Site "SchemingMind.com"]
[Date "2019.03.04"]
[Round "-"]
[White "The Stonewall"]
[Black "mochiron"]
[Result "1-0"]
[WhiteCountry "ENG"]
[BlackCountry "JPN"]
[WhiteElo "2328"]
[WhiteRD "79"]
[BlackElo "1562"]
[BlackRD "76"]
[GameID "438802"]

1. d4 d5 2. c4 c6 3. Qc2 Nf6 4. Nf3 Ne4 5. Nc3 Bg4 6. Nxe4 dxe4 7. Qxe4 Bxf3 8. gxf3 e6 9. Bd2 Be7 10. O-O-O O-O
11. Rg1 Nd7 12. Bh6 g6 13. Bxf8 Bxf8 14. Bh3 Nf6 15. Qc2 Bg7 16. f4 b6 17. Bg2 b5 18. Bxc6 Rc8 19. Bxb5 Nd5 20. e3 Nb4
21. Qa4 a5 22. Kb1 Rxc4 23. Bxc4 Qc7 24. Rc1 Qb7 25. a3 Nd5 26. Bxd5 Qxd5 27. Qe8+ Bf8 28. Rc8 Qd6 29. Rgc1 Kg7 30. R1c7 Kh6
31. Qxf7 Kh5 32. Rxf8 Qd5 33. Rc5 Qxc5 34. dxc5
1-0

[Event "Slav 1"]
[Site "SchemingMind.com"]
[Date "2019.02.28"]
[Round "-"]
[White "The Stonewall"]
[Black "Chessibelle"]
[Result "1-0"]
[WhiteCountry "ENG"]
[BlackCountry "ENG"]
[WhiteElo "2336"]
[WhiteRD "81"]
[BlackElo "1229"]
[BlackRD "60"]
[GameID "438803"]

1. d4 d5 2. c4 c6 3. Qc2 g6 4. Nf3 Nf6 5. Bf4 Nbd7 6. e3 Bg7 7. Nc3 O-O 8. h3 e6 9. Be2 Nb6 10. b3 Nbd7
11. Bd6 Nb6 12. Bxf8 Bxf8 13. O-O Nbd7 14. e4 Nh5 15. exd5 cxd5 16. cxd5 Nf4 17. dxe6 Nxe6 18. Rfd1 b6 19. Qe4 Rb8 20. Bc4 Nf6
21. Qe3 Bd6 22. Ne5 Bb7 23. Nxf7 Kxf7 24. Qxe6+ Kg7 25. Nb5 Kh6 26. Nxd6 Bc8 27. Nf7+ Kh5 28. Qe2+
1-0

[Event "Slav 1"]
[Site "SchemingMind.com"]
[Date "2019.02.28"]
[Round "-"]
[White "Chessibelle"]
[Black "The Stonewall"]
[Result "0-1"]
[WhiteCountry "ENG"]
[BlackCountry "ENG"]
[WhiteElo "1229"]
[WhiteRD "60"]
[BlackElo "2336"]
[BlackRD "81"]
[GameID "438804"]

1. d4 d5 2. c4 c6 3. e3 Nf6 4. Nd2 Bf5 5. Be2 e6 6. Ngf3 Nbd7 7. O-O Bd6 8. Re1 O-O 9. b3 Re8 10. g3 e5
11. Nh4 Bh3 12. Ndf3 Ne4 13. Bb2 Bb4 14. cxd5 Bxe1 15. Nxe1 cxd5 16. Bd3 Rc8 17. f3 Nd6 18. g4 Qxh4 19. Qe2 e4 20. Bc2 exf3
21. Nxf3 Qxg4+ 22. Kh1 Rxc2 23. Qxc2 Qxf3+ 24. Kg1 Rxe3 25. Qd2 Re2 26. Qd1 Qg2#
0-1

[Event "Slav 1"]
[Site "SchemingMind.com"]
[Date "2019.02.27"]
[Round "-"]
[White "The Stonewall"]
[Black "Henk Miedema"]
[Result "1-0"]
[WhiteCountry "ENG"]
[BlackCountry "NED"]
[WhiteElo "2336"]
[WhiteRD "81"]
[BlackElo "961"]
[BlackRD "73"]
[GameID "438805"]

1. d4 d5 2. c4 c6 3. Qc2 Nf6 4. Nf3 e6 5. g3 c5 6. Bg2 Nc6 7. cxd5 Nxd5 8. dxc5 Be7 9. Bd2 O-O 10. O-O b5
11. Nc3 a6 12. Nxd5 Qxd5 13. Ng5 Qd7 14. Qxh7#
1-0

[Event "Slav 1"]
[Site "SchemingMind.com"]
[Date "2019.02.27"]
[Round "-"]
[White "Henk Miedema"]
[Black "The Stonewall"]
[Result "0-1"]
[WhiteCountry "NED"]
[BlackCountry "ENG"]
[WhiteElo "961"]
[WhiteRD "73"]
[BlackElo "2336"]
[BlackRD "81"]
[GameID "438806"]

1. d4 d5 2. c4 c6 3. c5 e5 4. e3 e4 5. Ne2 Nf6 6. Nf4 Bf5 7. g3 Nbd7 8. b4 Be7 9. a4 O-O 10. b5 Qc7
11. Qc2 Rfe8 12. Bd2 g5 13. Ne2 Bg4 14. Bg2 Rec8 15. a5 cxb5 16. Nec3 b4 17. Nb5 Qc6 18. Bf1 a6 19. Bxb4 axb5 20. Be2 Bxe2
21. Qxe2 b6 22. Nc3 bxc5 23. Qb2 cxb4 24. Nb1 Qc1+
0-1

[Event "Slav 1"]
[Site "SchemingMind.com"]
[Date "2019.02.28"]
[Round "-"]
[White "The Stonewall"]
[Black "Whiteravenx"]
[Result "1/2-1/2"]
[WhiteCountry "ENG"]
[BlackCountry "USA"]
[WhiteElo "2351"]
[WhiteRD "78"]
[BlackElo "2104"]
[BlackRD "123"]
[GameID "438807"]

1. d4 d5 2. c4 c6 3. e3 Nf6 4. Nf3 Bf5 5. Nc3 e6 6. Nh4 Be4 7. f3 Bg6 8. g3 Be7 9. Nxg6 hxg6 10. Qb3 Qc7
11. e4 dxe4 12. fxe4 Nbd7 13. Be2 e5 14. d5 Qb6 15. Qxb6 axb6 16. Bf3 Bb4 17. Bd2 Nc5 18. Ke2 g5 19. Bg2 Bxc3 20. Bxc3 Nfxe4
21. Bxe5 O-O 22. Bxe4 Nxe4 23. Rhe1 cxd5 24. cxd5 Rfd8 25. Kf3 f5 26. g4 g6 27. Red1 Ra5 28. Bc7 Rdxd5 29. Bxb6 Rxd1 30. Rxd1 Rxa2
31. gxf5 gxf5 32. Be3 Rxb2 33. Rd5 Kf7 34. Rxf5+ Ke6 35. Ra5 Nd2+ 36. Bxd2 Rxd2 37. Rxg5 Rxh2 38. Ke3 Rh7 39. Kd4 Kd7 40. Kc5 Kc7
41. Rf5 Rh6 42. Kb5 Rb6+ 43. Kc5 Rg6 44. Kb5 Rg3 45. Rf7+ Kb8 46. Rf4 Rb3+ 47. Kc4 Ra3 48. Kb4 Ra6 49. Kb5 Ka7 50. Re4 Ra1
51. Re3 Rb1+=
1/2-1/2

[Event "Slav 1"]
[Site "SchemingMind.com"]
[Date "2019.02.28"]
[Round "-"]
[White "Whiteravenx"]
[Black "The Stonewall"]
[Result "1-0"]
[WhiteCountry "USA"]
[BlackCountry "ENG"]
[WhiteElo "2123"]
[WhiteRD "139"]
[BlackElo "2328"]
[BlackRD "79"]
[GameID "438808"]

1. d4 d5 2. c4 c6 3. Nf3 dxc4 4. a4 Nf6 5. e3 Be6 6. Nc3 Nbd7 7. Nd2 Qc7 8. Bxc4 Bxc4 9. Nxc4 e5 10. O-O Be7
11. Qb3 Rb8 12. g3 O-O 13. Rd1 Rfd8 14. a5 exd4 15. exd4 b5 16. axb6 Nxb6 17. Bf4 Nxc4 18. Qxc4 Bd6 19. Bg5 Be7 20. d5 Rxb2
21. dxc6 Rc8 22. Bxf6 Bxf6 23. Nd5 Qe5 24. Rxa7 Qf5 25. Nxf6+ Qxf6 26. Qf4 Qxf4 27. gxf4 Re2 28. Rdd7 Rf8 29. c7 Ree8 30. Ra6 g6
31. Kg2 Rc8 32. Rad6 Kg7 33. Kf3 Rh8 34. f5 gxf5 35. Kf4 Rhf8 36. Kxf5 Rh8 37. Rd1
1-0

[Event "Slav 1"]
[Site "SchemingMind.com"]
[Date "2019.03.04"]
[Round "-"]
[White "surfnsuds"]
[Black "Wojtek26"]
[Result "0-1"]
[WhiteCountry "USA"]
[BlackCountry "POL"]
[WhiteElo "1268"]
[WhiteRD "88"]
[BlackElo "1649"]
[BlackRD "74"]
[GameID "438894"]

1. d4 d5 2. c4 c6 3. Nc3 Nf6 4. Nf3 e6 5. Bg5 h6 6. Bxf6 Qxf6 7. g3 Bb4 8. Qb3 Bxc3+ 9. Qxc3 Nd7 10. Bh3 O-O
11. O-O g5 12. Bg2 Nb6 13. b3 Nd7 14. cxd5 cxd5 15. Ne5 Nxe5 16. dxe5 Qg6 17. Qf3 b6 18. Rac1 Rb8 19. Rfe1 Bb7 20. Qe3 Rbc8
21. Qd2 Rc6 22. e4 Rfc8 23. exd5 Rxc1 24. Rxc1 Rxc1+ 25. Qxc1 exd5 26. Qd2 Qb1+ 27. Bf1 Ba6 28. Kg2 Bxf1+ 29. Kf3 Qe4#
0-1

[Event "Slav 1"]
[Site "SchemingMind.com"]
[Date "2019.03.04"]
[Round "-"]
[White "Wojtek26"]
[Black "surfnsuds"]
[Result "1-0"]
[WhiteCountry "POL"]
[BlackCountry "USA"]
[WhiteElo "1649"]
[WhiteRD "74"]
[BlackElo "1268"]
[BlackRD "88"]
[GameID "438895"]

1. d4 d5 2. c4 c6 3. e3 Nf6 4. Nf3 e6 5. Be2 Bd6 6. O-O Nh5 7. Nbd2 O-O 8. c5 Be7 9. a3 b6 10. b4 Ba6
11. Bxa6 Nxa6 12. Qe2 b5 13. Ne5 Nf6 14. Nxc6 Qc7 15. Nxe7+ Qxe7 16. Qxb5 Nc7 17. Qd3 a6 18. Bb2 Nb5 19. a4 Nc7 20. Nf3 Rfb8
21. Ba3 Ne4 22. Nd2 Qg5 23. Nxe4 dxe4 24. Qxe4 Nd5 25. Rac1 a5 26. b5 Nf6 27. Qf3 Qg4 28. Qxg4 Nxg4 29. h3 Nf6 30. c6 Rc8
31. b6 Ra6 32. b7
1-0

[Event "Slav 1"]
[Site "SchemingMind.com"]
[Date "2019.03.04"]
[Round "-"]
[White "mochiron"]
[Black "Wojtek26"]
[Result "0-1"]
[WhiteCountry "JPN"]
[BlackCountry "POL"]
[WhiteElo "1562"]
[WhiteRD "76"]
[BlackElo "1614"]
[BlackRD "73"]
[GameID "438896"]

1. d4 d5 2. c4 c6 3. Nc3 Nf6 4. c5 Qc7 5. Bg5 h6 6. Bxf6 exf6 7. Nf3 Be7 8. e3 O-O 9. Bd3 Bg4 10. h3 Bh5
11. g4 Bg6 12. Bxg6 fxg6 13. Nh4 g5 14. Ng6 Re8 15. h4 b6 16. hxg5 fxg5 17. Qf3 bxc5 18. O-O-O cxd4 19. exd4 Bf6 20. Rde1 Nd7
21. Rxe8+ Rxe8 22. Ne2 Qa5 23. Nc3 Bxd4 24. Rd1 Bxc3 25. bxc3 Qxa2 26. Qf5 Qa1+ 27. Kd2 Qb2+
0-1